Central Library OPAC University of Rajshahi
Normal view MARC view

Entry Topical Term

Number of records used in: 3

001 - CONTROL NUMBER

  • control field: 10177

003 - CONTROL NUMBER IDENTIFIER

  • control field: BD-RjUL

005 - DATE AND TIME OF LATEST TRANSACTION

  • control field: 20231126151545.0

008 - FIXED-LENGTH DATA ELEMENTS

  • fixed length control field: 231126|| aca||aabn | a|a d

040 ## - CATALOGING SOURCE

  • Original cataloging agency: BD-RjUL
  • Transcribing agency: BD-RjUL

150 ## - HEADING--TOPICAL TERM

  • Topical term or geographic name entry element: Satisfaction
  • Form subdivision: Commercial Banks

670 ## - SOURCE DATA FOUND

  • Source citation: Work cat.: (BD-RjUL)82344: Firoz, A. K. M. 10176, Job Satisfaction and Security Intention Factors :, 2018